000 00724nam a2200229Ia 4500
003 GCL
008 140319s9999 xx 000 0 ara d
020 _a6002016977
040 _aGCL /
_cGCL
082 0 4 _a809
_bم ا
100 1 _aمجدى وهبة
245 1 0 _aالادب المقارن /
_cمجدى وهبة
250 _aالاولى
260 _aالقاهرة :
_bالشركة المصرية العالمية للنشر ،
_c1991
260 _aالقاهرة :
_bمكتبة لبنان ،
_c1991
300 _a110 ص ؛
_c20 سم
490 _aسلسلة ادبيات
_v0
650 0 4 _aالادب المقارن
650 0 4 _aالترجمة
650 0 4 _aالرحلات فى الادب
942 _2ddc
_cBK
999 _c32964
_d32964